Organizaciones y teoría de las organizaciones

Spremljeno u:
Bibliografski detalji
Glavni autor: Pfeffer, Jeffrey (Autor)
Format: Knjiga
Jezik:španjolski
Izdano: Ciudad de México Fondo de Cultura Económica 1992
Serija:Textos de Economía
Teme:
Oznake: Dodaj oznaku
Bez oznaka, Budi prvi tko označuje ovaj zapis!

MARC

LEADER 00000nam a2200000 a 4500
001 UCZ2806
003 CL-VaPUC
008 951013e19920000MX |||||||||||||||||spa|d
082 0 4 |a 658.001  |b PFE  |2 21 
100 0 |a Pfeffer, Jeffrey  |e author  |9 346565 
245 1 0 |a Organizaciones y teoría de las organizaciones 
300 |a 359 p 
942 |c BK 
945 |d 19951013 00:00:00  |a rbrito 
260 |a Ciudad de México  |b Fondo de Cultura Económica  |c 1992 
650 0 |a Organizaciones  |9 337993 
650 7 |a TEORIA DE LAS ORGANIZACIONES  |2 CL-VaPUC  |9 346566 
650 0 |a Aspectos sociológicos   |9 309271 
650 7 |a ESTRUCTURA ADMINISTRATIVA  |2 CL-VaPUC  |9 268757 
650 0 |a Administración  |9 259325 
650 0 |a Economía   |9 255568 
650 0 |a Ciencias administrativas  |9 337994 
583 |a last modification  |c 19951013 00:00:00  |k Rodrigo Vera 
490 0 |a Textos de Economía 
999 |c 239360  |d 239358 
952 |0 0  |1 0  |4 0  |6 658_001000000000000_PFE_1992  |7 0  |8 A  |9 250441  |a BIBEDU  |b BIBEDU  |d 2019-11-18  |i 3139913  |o 658.001 PFE 1992  |p 3139913  |r 2019-11-18  |w 2019-11-18  |y BK  |k EDU 
952 |0 0  |1 0  |4 0  |6 658_001000000000000_PFE_1992  |7 0  |8 A  |9 250442  |a BIBEDU  |b BIBEDU  |d 2019-11-18  |i 3652769  |o 658.001 PFE 1992  |p 3652769  |r 2019-11-18  |w 2019-11-18  |y BK  |k BME